| 000 | 00818nam a2200253 a 4500 | ||
|---|---|---|---|
| 001 | 000017594 | ||
| 005 | 20240527195259.0 | ||
| 008 | 100329s1998 dr a 000 0 spa d | ||
| 040 |
_aDO-SdBNP _bspa _cBNPHU |
||
| 082 |
_a658.406 _bK874n |
||
| 100 | 1 |
_aKotler, Philip _938372 |
|
| 245 | 1 | 0 |
_aNuevas direcciones del marketing / _cPhilip Kotler. |
| 246 | 1 | 2 | _aNuevas direcciones de mercadeo |
| 260 |
_aSanto Domingo : _bUCSD, _c1998. |
||
| 300 |
_a166 p. : _bil. ; _c21 cm. |
||
| 500 | _a2da jornada magistral con Philip Kotler | ||
| 504 | _aIncluye bibliografías [p. 163-166] | ||
| 650 | 0 |
_aMercadotecnia _96644 |
|
| 650 | 4 |
_aAnálisis del mercadeo _938373 |
|
| 650 | 4 |
_aCambio organizaciónal _927674 |
|
| 650 | 0 |
_aGlobalización _91524 |
|
| 710 | 2 |
_aUniversidad Católica Santo Domingo _91478 |
|
| 049 | _aBNPD | ||
| 999 |
_c17119 _d17119 |
||